000 00457nam a2200145Ia 4500
003 OSt
005 20260119120943.0
008 211028s2013 xx 000 0 und d
040 _cAIMIT LIBRARY
041 _aeng
100 _aJoseph, Pearl Maria; Mascherenhas, Oswald.
_g1116116
_97057
245 _aShrink management analysis: a case study with reference to big bazar Mangalore /
260 _aMangalore
_bFr Oswald Mascherenhas
_c2013
942 _2ddc
_cPRO
999 _c218627
_d218627